[Event "Madrid-ch sf-B"]
[Site "Madrid"]
[Date "2013.03.16"]
[Round "5"]
[White "Marcos Herrero, Francisco"]
[Black "Gomez Gonzalez, Javier"]
[Result "1/2-1/2"]
[WhiteElo "1912"]
[BlackElo "2141"]
[PlyCount "75"]
[EventDate "2013.03.07"]
[EventType "swiss"]
[EventRounds "9"]
[EventCountry "ESP"]
[SourceTitle "CBM 153 Extra"]
[Source "ChessBase"]
[SourceDate "2013.04.22"]
[SourceVersion "1"]
[SourceVersionDate "2013.04.22"]
[SourceQuality "1"]

1. d4 Nf6 2. c4 e6 3. g3 d5 4. Bg2 Be7 5. Nf3 0-0 6. 0-0 Nbd7 7. Qc2 c6 8. Nbd2 b6 9. e4 dxe4 10. Nxe4 Bb7 11. Ne5 Ne8 12. Bf4 f6 13. Nd3 f5 14. Nc3 Bf6 15. Ne5 g5 16. Nxd7 Qxd7 17. Be5 Bxe5 18. dxe5 Qd4 19. Rad1 Qxe5 20. Qd2 Qf6 21. Rfe1 Ng7 22. Qd7 Qf7 23. Bxc6 Bxc6 24. Qxc6 Rac8 25. Qa4 Rfd8 26. Nb5 Qf6 27. Qxa7 Qxb2 28. Qxb6 Rxd1 29. Rxd1 Qc2 30. Rd8+ Rxd8 31. Qxd8+ Kf7 32. Qxg5 Qb1+ 33. Kg2 Qe4+ 34. Kh3 Qd3 35. Qe3 Qf1+ 36. Kh4 Qxc4+ 37. Nd4 Qxa2 38. Kh3 1/2-1/2

[Event "Madrid Oliver Gonzalez Memorial-A 3rd"]
[Site "Madrid"]
[Date "2012.09.07"]
[Round "7"]
[White "Madurga Lopez, Ignacio"]
[Black "Gomez Gonzalez, Javier"]
[Result "0-1"]
[WhiteElo "2052"]
[BlackElo "2137"]
[PlyCount "110"]
[EventDate "2012.09.01"]
[EventType "swiss"]
[EventRounds "9"]
[EventCountry "ESP"]
[SourceTitle "CBM 150 Extra"]
[Source "ChessBase"]
[SourceDate "2012.10.19"]
[SourceVersion "1"]
[SourceVersionDate "2012.10.19"]
[SourceQuality "1"]

1. e4 c5 2. Nf3 d6 3. d4 cxd4 4. Nxd4 Nf6 5. Nc3 a6 6. Bc4 b5 7. Bb3 Nbd7 8. Nd5 Bb7 9. 0-0 e6 10. Re1 Nc5 11. Nxf6+ Qxf6 12. f3 Be7 13. a4 bxa4 14. Bxa4+ Nxa4 15. Rxa4 0-0 16. Re3 Rab8 17. Rb3 d5 18. exd5 Rfd8 19. c3 Rxd5 20. Qe2 Rdd8 21. Ra5 h6 22. Be3 Qg6 23. Bf4 Bd6 24. Bxd6 Rxd6 25. h3 Rd7 26. Rxa6 Rbd8 27. Ra1 Bd5 28. Rba3 Qg5 29. Re1 Kh8 30. Qe3 Qg6 31. Raa1 Re8 32. Rad1 Rde7 33. Ne2 Bb3 34. Rd4 e5 35. Rb4 Be6 36. Kh2 Rd8 37. Ng3 f6 38. Qe4 Qf7 39. Qe3 Red7 40. Ne4 Rd3 41. Qf2 Bc4 42. b3 Bxb3 43. Nc5 Rd2 44. Re2 Rxe2 45. Qxe2 Bd1 46. Qe3 Qd5 47. Ne4 Bc2 48. Kg3 f5 49. Qe2 Bd3 50. c4 Qd4 51. Qf2 fxe4 52. Qxd4 exd4 53. fxe4 Bxe4 54. Rb2 d3 55. Rd2 Rc8 0-1

[Event "Madrid-ch sf-A"]
[Site "Madrid"]
[Date "2012.04.18"]
[Round "6"]
[White "Gomez Gonzalez, Javier"]
[Black "Lopez de Turiso, Jose Angel"]
[Result "1/2-1/2"]
[WhiteElo "2077"]
[BlackElo "2038"]
[PlyCount "76"]
[EventDate "2012.04.10"]
[EventType "swiss"]
[EventRounds "9"]
[EventCountry "ESP"]
[SourceTitle "CBM 148 Extra"]
[Source "ChessBase"]
[SourceDate "2012.06.22"]
[SourceVersion "1"]
[SourceVersionDate "2012.06.22"]
[SourceQuality "1"]

1. e4 e6 2. d4 d5 3. exd5 exd5 4. Bd3 Nc6 5. Be3 Nf6 6. h3 Bd6 7. Nf3 Ne7 8. 0-0 Ng6 9. c4 dxc4 10. Bxc4 0-0 11. Nc3 c6 12. Ng5 h6 13. Nge4 Nxe4 14. Nxe4 Bc7 15. Qh5 Nf4 16. Bxf4 Bxf4 17. Rad1 Qe7 18. Rfe1 Qb4 19. Bb3 a5 20. Qg6 Qe7 21. Nc5 Qg5 22. Qxg5 Bxg5 23. a4 b6 24. Ne4 Be7 25. d5 cxd5 26. Bxd5 Rb8 27. Bc4 Bb4 28. Re3 Bf5 29. b3 Rfe8 30. Ng3 Rxe3 31. fxe3 Bg6 32. Kf2 Bc5 33. Kf3 Re8 34. e4 Kf8 35. Rd7 Re7 36. Rd8+ Re8 37. Rd3 Ke7 38. Nf5+ Bxf5 1/2-1/2

[Event "Madrid-ch sf-B"]
[Site "Madrid"]
[Date "2011.01.15"]
[Round "2"]
[White "Cano Cabanillas, Javier"]
[Black "Gomez Gonzalez, Javier"]
[Result "0-1"]
[WhiteElo "1910"]
[BlackElo "2062"]
[PlyCount "58"]
[EventDate "2011.01.14"]
[EventType "swiss"]
[EventRounds "9"]
[EventCountry "ESP"]
[SourceTitle "CBM 140 Extra"]
[Source "ChessBase"]
[SourceDate "2011.03.01"]
[SourceVersion "1"]
[SourceVersionDate "2011.03.01"]
[SourceQuality "1"]

1. e4 c5 2. c3 d5 3. exd5 Qxd5 4. d4 e5 5. dxe5 Qxd1+ 6. Kxd1 Nc6 7. f4 f6 8. exf6 Nxf6 9. Nf3 Bf5 10. Nbd2 0-0-0 11. Ke1 Bd6 12. Be2 Rhe8 13. Kf1 Bxf4 14. Nb3 Bd6 15. Bg5 Rf8 16. Bxf6 Rxf6 17. Kf2 Ne5 18. Nxe5 Bxe5 19. Bf3 Bd6 20. Rad1 g5 21. h3 h5 22. Kg1 g4 23. hxg4 hxg4 24. Bd5 Rdf8 25. Bc4 Bc2 26. Rf1 Bf4 27. Kf2 g3+ 28. Kf3 Bc1+ 29. Kg4 Rg6+ 0-1

[Event "Collado Villalba op-A 27th"]
[Site "Collado Villalba"]
[Date "2010.08.27"]
[Round "8"]
[White "Gomez Gonzalez, Javier"]
[Black "Lopez de Turiso, Jose Angel"]
[Result "1-0"]
[WhiteElo "2016"]
[BlackElo "2101"]
[PlyCount "69"]
[EventDate "2010.08.20"]
[EventType "swiss"]
[EventRounds "10"]
[EventCountry "ESP"]
[SourceTitle "CBM 138 Extra"]
[Source "ChessBase"]
[SourceDate "2010.10.29"]
[SourceVersion "1"]
[SourceVersionDate "2010.10.29"]
[SourceQuality "1"]

1. e4 g6 2. d4 Bg7 3. Nf3 d6 4. Be2 Nd7 5. 0-0 e5 6. Nc3 Ne7 7. dxe5 Nxe5 8. Nxe5 Bxe5 9. Bh6 Be6 10. f4 Bxc3 11. bxc3 d5 12. Qd4 Rg8 13. Rad1 c6 14. Qe5 Qb8 15. Qf6 dxe4 16. Bg5 Qc7 17. c4 h6 18. f5 Nxf5 19. Bf4 Qe7 20. Qc3 Qc5+ 21. Kh1 Rd8 22. g4 Rxd1 23. Rxd1 Nh4 24. Qd2 Qe7 25. Bd6 Qg5 26. Bf4 Qe7 27. Qd4 f5 28. Bxh6 Nf3 29. Bxf3 exf3 30. Re1 c5 31. Qe3 Kf7 32. Bg5 Qd7 33. Qe5 f2 34. Qf6+ Ke8 35. Rxe6+ 1-0

[Event "Madrid-ch sf-B"]
[Site "Madrid"]
[Date "2010.01.09"]
[Round "2"]
[White "Rodriguez Vignote, Javier"]
[Black "Gomez Gonzalez, Javier"]
[Result "0-1"]
[WhiteElo "1891"]
[BlackElo "2041"]
[PlyCount "86"]
[EventDate "2010.01.08"]
[EventType "swiss"]
[EventRounds "9"]
[EventCountry "ESP"]
[SourceTitle "CBM 134 Extra"]
[Source "ChessBase"]
[SourceDate "2010.03.03"]
[SourceVersion "1"]
[SourceVersionDate "2010.03.03"]
[SourceQuality "1"]

1. d4 Nf6 2. c4 e6 3. Nf3 b6 4. a3 Bb7 5. Nc3 d5 6. cxd5 exd5 7. Qa4+ c6 8. Bg5 Be7 9. e3 0-0 10. Bd3 a5 11. Ne5 Nfd7 12. Bxe7 Qxe7 13. Nxd7 Nxd7 14. Qc2 h6 15. Rc1 Qg5 16. 0-0 f5 17. Ne2 Rae8 18. Nf4 Qf6 19. Nh5 Qf7 20. Be2 g5 21. Ng3 Re6 22. Bh5 Qf6 23. Rfe1 Re7 24. f3 Rg7 25. Qd3 c5 26. b4 f4 27. exf4 gxf4 28. Nf1 cxd4 29. Qe2 Rg5 30. Qe7 Rg7 31. Qe6+ Qxe6 32. Rxe6 Nf6 33. Bg4 axb4 34. axb4 Nxg4 35. fxg4 f3 36. gxf3 Rxf3 37. Kg2 Rf4 38. h3 d3 39. Rxb6 h5 40. Kg3 Rc4 41. Rxc4 dxc4 42. Ne3 c3 43. Rd6 c2 0-1

[Event "Madrid-ch sf-B"]
[Site "Madrid"]
[Date "2010.01.08"]
[Round "1"]
[White "Gomez Gonzalez, Javier"]
[Black "Alcazar Jimenez, Jesus Alberto"]
[Result "0-1"]
[WhiteElo "2041"]
[BlackElo "2249"]
[PlyCount "68"]
[EventDate "2010.01.08"]
[EventType "swiss"]
[EventRounds "9"]
[EventCountry "ESP"]
[SourceTitle "CBM 134 Extra"]
[Source "ChessBase"]
[SourceDate "2010.03.03"]
[SourceVersion "1"]
[SourceVersionDate "2010.03.03"]
[SourceQuality "1"]

1. e4 e5 2. Nf3 Nc6 3. Bb5 a6 4. Ba4 Nf6 5. 0-0 b5 6. Bb3 Be7 7. Re1 0-0 8. a4 b4 9. d4 d6 10. c3 Rb8 11. Bc2 bxc3 12. bxc3 exd4 13. cxd4 Bg4 14. Nc3 Rb4 15. Be3 g6 16. Qd2 d5 17. e5 Nh5 18. Rab1 Ng7 19. Na2 Rxb1 20. Rxb1 Bxf3 21. gxf3 Ne6 22. Qc3 Ncxd4 23. Bxd4 c5 24. Bxc5 Bxc5 25. f4 Qh4 26. Qg3 Qxf4 27. Nc3 Qd2 28. Bb3 Nf4 29. Kh1 Nd3 30. Nd1 Qe1+ 31. Kg2 Qe4+ 32. Kf1 Nxf2 33. Nc3 Qf5 34. Kg2 Ne4 0-1

[Event "Madrid Villaverde op 11th"]
[Site "Madrid"]
[Date "2009.06.29"]
[Round "1"]
[White "Gomez Gonzalez, Javier"]
[Black "Corral Aragon, Juan Maria"]
[Result "1-0"]
[WhiteElo "2055"]
[BlackElo "1821"]
[PlyCount "81"]
[EventDate "2009.06.29"]
[EventType "swiss"]
[EventRounds "9"]
[EventCountry "ESP"]
[SourceTitle "EXT 2010"]
[Source "ChessBase"]
[SourceDate "2010.11.25"]
[SourceVersion "1"]
[SourceVersionDate "2010.11.25"]
[SourceQuality "1"]

1. e4 c6 2. d4 d5 3. Nc3 dxe4 4. Nxe4 Bf5 5. Ng3 Bg6 6. Nf3 Nd7 7. Bf4 Qa5+ 8. c3 0-0-0 9. b4 Qa3 10. Qb3 Qxb3 11. axb3 e5 12. dxe5 Nb6 13. Rxa7 Nd5 14. Ra8+ Kd7 15. e6+ fxe6 16. Ne5+ Ke7 17. Ra7 Nxf4 18. Nxc6+ Kd7 19. Nxd8 Kxd8 20. Rxb7 Nf6 21. Ba6 Nxg2+ 22. Kd1 Bd6 23. Kc1 Bf4+ 24. Kb2 Nd7 25. Rd1 Ke7 26. Rbxd7+ Kf6 27. Rd8 Rxd8 28. Rxd8 h5 29. b5 h4 30. Nf1 Ne1 31. b6 Ke7 32. Rh8 Nd3+ 33. Bxd3 Bxd3 34. Ne3 Ba6 35. Rxh4 g5 36. Rh7+ Kd6 37. Ra7 Bd3 38. Rc7 Bxh2 39. Nc4+ Kd5 40. Rd7+ Ke4 41. Nd2+ 1-0

[Event "Patrimonio op 2nd"]
[Site "Alcala de Henares"]
[Date "2007.10.08"]
[Round "2"]
[White "Gomez Gonzalez, Javier"]
[Black "Sierra Bermejo, Gregorio"]
[Result "1/2-1/2"]
[WhiteElo "2085"]
[BlackElo "1802"]
[PlyCount "117"]
[EventDate "2007.10.07"]
[EventType "swiss"]
[EventRounds "9"]
[EventCountry "ESP"]
[SourceTitle "EXT 2008"]
[Source "ChessBase"]
[SourceDate "2007.11.25"]
[SourceVersion "1"]
[SourceVersionDate "2007.11.25"]
[SourceQuality "1"]

1. g3 Nf6 2. Bg2 g6 3. c4 c5 4. Nf3 Bg7 5. d4 cxd4 6. Nxd4 0-0 7. Nc3 d6 8. 0-0 Nbd7 9. e4 a6 10. Qe2 Qc7 11. Nc2 Nb6 12. h3 Be6 13. Re1 Nbd7 14. Nd5 Qd8 15. Nf4 Rc8 16. Nxe6 fxe6 17. Bg5 e5 18. Rad1 Nc5 19. b4 Ne6 20. Bc1 Qc7 21. Bf1 Rf7 22. c5 dxc5 23. b5 axb5 24. Qxb5 Nd4 25. Nxd4 exd4 26. Bc4 e5 27. a4 b6 28. Ba3 Ne8 29. Rb1 Nd6 30. Bxf7+ Nxf7 31. Red1 c4 32. Bb4 Qc6 33. Qxc6 Rxc6 34. a5 bxa5 35. Bxa5 Ng5 36. Rb8+ Kf7 37. Rb7+ Kg8 38. Bb4 Rc8 39. Re1 Nf3+ 40. Kf1 Nxe1 41. Kxe1 c3 42. Ke2 c2 43. Bd2 c1Q 44. Bxc1 Rxc1 45. f4 Rc2+ 46. Kf3 Rc3+ 47. Kf2 Re3 48. Rb8+ Bf8 49. fxe5 Rxe4 50. Rd8 Rxe5 51. Kf3 Re3+ 52. Kf4 Rd3 53. h4 h6 54. g4 Kf7 55. Ke4 Rd1 56. h5 gxh5 57. gxh5 Be7 58. Rxd4 Rxd4+ 59. Kxd4 1/2-1/2

[Event "Madrid op3"]
[Site "Madrid"]
[Date "2005.10.16"]
[Round "6"]
[White "Martinez Garcia, Felipe"]
[Black "Gomez Gonzalez, Javier"]
[Result "0-1"]
[WhiteElo "2052"]
[BlackElo "2137"]
[PlyCount "90"]
[EventDate "2005.10.07"]
[EventType "swiss"]
[EventRounds "9"]
[EventCountry "ESP"]
[SourceTitle "EXT 2006"]
[Source "ChessBase"]
[SourceDate "2005.11.24"]
[SourceVersion "1"]
[SourceVersionDate "2005.11.24"]
[SourceQuality "1"]

1. e4 c5 2. c3 d6 3. d4 cxd4 4. cxd4 g6 5. Bc4 Bg7 6. Ne2 Nf6 7. Nbc3 a6 8. a4 Nc6 9. 0-0 0-0 10. f3 Nd7 11. Be3 Nb6 12. Ba2 Nb4 13. Bb3 d5 14. Bf2 a5 15. Nf4 e6 16. Nd3 dxe4 17. Nxb4 axb4 18. Nxe4 Nd5 19. Qd2 b6 20. Rfe1 h6 21. Ng3 Qd6 22. Ne2 Rd8 23. Bc4 Ne7 24. Red1 Nc6 25. Rac1 Na5 26. b3 Bb7 27. Be1 Bf8 28. Bg3 Qe7 29. Qf4 Rac8 30. Bf2 Bg7 31. Qe3 Bd5 32. Bxd5 Rxc1 33. Rxc1 Rxd5 34. Nf4 Rd7 35. d5 e5 36. Qxb6 Nxb3 37. Rc8+ Kh7 38. Ne2 Rxd5 39. Be3 Nd4 40. Ng3 Qd7 41. Qb8 Ne6 42. Ne4 f5 43. Bxh6 Rd1+ 44. Kf2 f4 45. Nf6+ Bxf6 0-1

[Event "Madrid op3"]
[Site "Madrid"]
[Date "2005.10.08"]
[Round "2"]
[White "Gomez Gonzalez, Javier"]
[Black "Farmer Negrini, Leo"]
[Result "1-0"]
[WhiteElo "2137"]
[BlackElo "2029"]
[PlyCount "83"]
[EventDate "2005.10.07"]
[EventType "swiss"]
[EventRounds "9"]
[EventCountry "ESP"]
[SourceTitle "EXT 2006"]
[Source "ChessBase"]
[SourceDate "2005.11.24"]
[SourceVersion "1"]
[SourceVersionDate "2005.11.24"]
[SourceQuality "1"]

1. e4 e5 2. Nf3 d6 3. Nc3 a6 4. d4 exd4 5. Nxd4 Bd7 6. Be3 g6 7. Qd2 Bg7 8. h4 h5 9. 0-0-0 Nc6 10. Nd5 Ne5 11. Nb3 Bb5 12. Bd4 Bxf1 13. Rhxf1 c5 14. Bc3 b6 15. f4 Bh6 16. Kb1 Rh7 17. Qe2 Nc6 18. e5 Kf8 19. f5 Qxh4 20. fxg6 Rg7 21. gxf7 Nge7 22. Nc7 Rxf7 23. Rxf7+ Kxf7 24. exd6 Rd8 25. Qe6+ Kf8 26. Rf1+ Bf4 27. g3 Qxg3 28. Qh6+ Kg8 29. Qh8+ Kf7 30. Qf6+ Kg8 31. Qh8+ Kf7 32. Rxf4+ Nf5 33. Qf6+ Kg8 34. Qe6+ Kh7 35. Qxf5+ Qg6 36. Qf7+ Qxf7 37. Rxf7+ Kg6 38. Rf6+ Kg5 39. Ne6+ Kg4 40. Nxd8 Nxd8 41. d7 h4 42. Rf8 1-0

[Event "Galapagar op 06th"]
[Site "Galapagar"]
[Date "2005.07.24"]
[Round "2.26"]
[White "Cuadrado Pastor, Antonio"]
[Black "Gomez Gonzalez, Javier"]
[Result "0-1"]
[WhiteElo "1956"]
[BlackElo "2138"]
[PlyCount "105"]
[EventDate "2005.07.23"]
[EventType "swiss"]
[EventRounds "9"]
[EventCountry "ESP"]
[SourceTitle "EXT 2006"]
[Source "ChessBase"]
[SourceDate "2005.11.24"]
[SourceVersion "1"]
[SourceVersionDate "2005.11.24"]
[SourceQuality "1"]

1. e4 c5 2. d4 cxd4 3. c3 d3 4. Bxd3 Nc6 5. Nf3 d6 6. Nd4 Bd7 7. 0-0 Nf6 8. Qe2 e6 9. Na3 Be7 10. Nc4 Ne5 11. Bc2 Rc8 12. Nxe5 dxe5 13. Nf3 Qc7 14. a4 0-0 15. Ng5 Rfd8 16. f4 h6 17. Nh3 Be8 18. Kh1 Qc4 19. Qxc4 Rxc4 20. fxe5 Ng4 21. Bf4 g5 22. Bc1 Nxe5 23. Be3 a6 24. Nf2 Rc6 25. a5 Nc4 26. Bc1 Rcc8 27. h4 Kg7 28. hxg5 hxg5 29. Ng4 Bb5 30. Rf3 Rh8+ 31. Rh3 Bc6 32. b3 Rxh3+ 33. gxh3 Nd6 34. Ba3 f5 35. Nf2 Kf7 36. Kh2 Nxe4 37. Bxe7 Kxe7 38. Nxe4 Bxe4 39. Bxe4 fxe4 40. c4 Kd6 41. Rd1+ Ke5 42. Kg3 Rf8 43. Kg4 e3 44. b4 Ke4 45. b5 axb5 46. cxb5 e2 47. Re1 Ke3 48. a6 bxa6 49. bxa6 Kd2 50. Rxe2+ Kxe2 51. Kxg5 e5 52. h4 e4 53. h5 0-1